Social Background of Indian Nationalism (Record no. 10335)

MARC details
000 -LEADER
fixed length control field 00494cam a2200193ua 4500
008 - FIXED-LENGTH DATA ELEMENTS--GENERAL INFORMATION
fixed length control field 190926n ii |||gr||||Z||||||eng
020 ## - INTERNATIONAL STANDARD BOOK NUMBER
International Standard Book Number 9789386042255
040 ## - CATALOGING SOURCE
Transcribing agency MAIN
082 ## - DEWEY DECIMAL CLASSIFICATION NUMBER
Classification number 320.540954
100 ## - MAIN ENTRY--PERSONAL NAME
Personal name A.R. Desai,
Relator term
245 ## - TITLE STATEMENT
Title Social Background of Indian Nationalism
Statement of responsibility, etc. By A.R.Desai
250 ## - EDITION STATEMENT
Edition statement 6th ed.
260 ## - PUBLICATION, DISTRIBUTION, ETC.
Place of publication, distribution, etc. New Delhi:
Name of publisher, distributor, etc. Sage Publication,
Date of publication, distribution, etc. 2016.
300 ## - PHYSICAL DESCRIPTION
Extent 276p.
942 ## - ADDED ENTRY ELEMENTS (KOHA)
Koha item type Books
653 ## - INDEX TERM--UNCONTROLLED
Uncontrolled term Political science
653 ## - INDEX TERM--UNCONTROLLED
Uncontrolled term Indian sociology
Holdings
Withdrawn status Lost status Damaged status Not for loan Home library Current library Shelving location Date acquired Total Checkouts Full call number Barcode Date last seen Copy number Price effective from Koha item type Source of classification or shelving scheme Collection code
        Central Library, Naharkatiya College Central Library, Naharkatiya College General Stacks 19/09/2020   320.540954Political science | DES 27312 19/09/2020 1 19/09/2020 Books    
        Central Library, Naharkatiya College Central Library, Naharkatiya College General Stacks 19/09/2020   320.540954Political science | DES 27313 19/09/2020 2 19/09/2020 Books    
        Central Library, Naharkatiya College Central Library, Naharkatiya College General Stacks 19/09/2020   320.540954Political science | DES 27314 19/09/2020 3 19/09/2020 Books Dewey Decimal Classification Political Science

Naharkatiya College © 2020. All rights reserved.

Powered By